|
|
|
|
| LEADER |
00871nam a2200217 i 4500 |
| 003 |
GR-PaULI |
| 005 |
20210117210546.0 |
| 008 |
180202s1997 fr a|||g |||| 00| 0 fre d |
| 022 |
|
|
|a 0014-2751
|
| 040 |
|
|
|a GR-PaULI
|b gre
|c GR-PaULI
|e AACR2
|
| 082 |
0 |
4 |
|2 23
|a 842.912
|
| 245 |
0 |
0 |
|a Bernard-Marie Koltes.
|
| 260 |
|
|
|a Paris :
|b [Les Éditions Denoël, etc.],
|c 1997.
|
| 300 |
|
|
|a 253 σ. :
|b εικ. ;
|c 22 εκ.
|
| 500 |
0 |
|
|a Europe : revue litteraire nensuelle (75e annee - no 823-824 / Novembre-Decembre 1997).
|
| 600 |
1 |
4 |
|9 102283
|a Koltes, Bernard-Marie,
|d 1948-1989
|
| 773 |
0 |
|
|a Europe : revue litteraire nensuelle
|
| 942 |
|
|
|2 ddc
|c BK15
|
| 952 |
|
|
|0 0
|1 0
|2 ddc
|4 0
|6 842_912000000000000_KOL_EUR
|7 0
|9 219549
|a THST
|b THST
|d 2018-02-02
|i 004075
|l 0
|o 842.912 KOL EUR
|p 025000116933
|r 2018-02-02 00:00:00
|t 1
|v 2018.00
|w 2018-02-02
|y BK15
|
| 998 |
|
|
|c ΜΑΝΙΑ
|d 2018-02
|
| 999 |
|
|
|c 132868
|d 132868
|